[Event "Titled Tuesday intern op 28th Sept"]
[Site "Chess.com INT"]
[Date "2021.09.28"]
[Round "5"]
[White "Munoz Valeriano, Nelson Gerardo"]
[Black "Novikova, Galina"]
[Result "0-1"]
[WhiteElo "1720"]
[BlackElo "2073"]
[PlyCount "98"]
[EventDate "2021.09.28"]
[EventType "swiss (blitz)"]
[EventRounds "11"]
[EventCountry "USA"]
[SourceTitle "CBM 204 Extra"]
[Source "ChessBase"]
[SourceDate "2021.11.30"]
[SourceVersion "1"]
[SourceVersionDate "2021.11.30"]
[SourceQuality "1"]

1. d4 d5 2. c4 e5 3. e3 exd4 4. exd4 Nf6 5. Nf3 Be7 6. Be2 0-0 7. 0-0 dxc4 8. Bxc4 Bg4 9. Be3 c6 10. h3 Bh5 11. Nc3 Nbd7 12. Re1 Nb6 13. Bb3 Nbd5 14. Nxd5 Nxd5 15. Bd2 Bf6 16. g4 Bg6 17. Ne5 Bg5 18. Bxd5 cxd5 19. f4 Bh4 20. Rf1 Be4 21. Be3 Rc8 22. Rc1 Qb6 23. b3 Qa5 24. Qd2 Qa6 25. Rxc8 Rxc8 26. Rc1 b6 27. Rxc8+ Qxc8 28. Qc1 Qxc1+ 29. Bxc1 Bb1 30. a3 Be1 31. Nc6 a5 32. Ne7+ Kf8 33. Nxd5 b5 34. Nc7 b4 35. axb4 axb4 36. d5 Ke7 37. f5 Bc2 38. Bf4 Bxb3 39. d6+ Kd7 40. Nb5 Bc4 41. Nd4 Bc3 42. Nc2 b3 43. Na3 b2 44. Kf2 Bd4+ 45. Kf3 Bc5 46. Nb1 Ba2 47. Nc3 Bb4 48. Nd1 b1Q 49. Ne3 Bd2 0-1

[Event "Titled Tuesday intern op 31st Aug"]
[Site "Chess.com INT"]
[Date "2021.08.31"]
[Round "3"]
[White "Munoz Valeriano, Nelson Gerardo"]
[Black "Jodorcovsky Werjivker, Paulo"]
[Result "0-1"]
[WhiteElo "1720"]
[BlackElo "2197"]
[PlyCount "150"]
[EventDate "2021.08.31"]
[EventType "swiss (blitz)"]
[EventRounds "11"]
[EventCountry "USA"]
[SourceTitle "EXT 2022"]
[Source "ChessBase"]
[SourceDate "2021.10.06"]
[SourceVersion "1"]
[SourceVersionDate "2021.10.06"]
[SourceQuality "1"]

1. d4 d5 2. c4 e6 3. Nc3 Bb4 4. e3 c5 5. Nf3 Ne7 6. cxd5 exd5 7. dxc5 0-0 8. Be2 Nbc6 9. 0-0 Bxc5 10. a3 a6 11. b4 Ba7 12. Bb2 d4 13. exd4 Nxd4 14. Nxd4 Qxd4 15. Qxd4 Bxd4 16. Bf3 Rb8 17. Rfd1 Bf6 18. Rac1 Be6 19. h3 Nf5 20. Be4 Nd4 21. Kf1 b5 22. Nd5 Bxd5 23. Bxd5 Nf5 24. Bxf6 gxf6 25. Rc6 Kg7 26. Rxa6 Rfd8 27. Bf3 Nd4 28. Ra7 Nxf3 29. Rxd8 Nh2+ 30. Kg1 Nf3+ 31. gxf3 Rxd8 32. Rb7 Rd3 33. Rxb5 Rxa3 34. Kg2 Rb3 35. Rb8 f5 36. b5 Kf6 37. b6 Kg7 38. b7 f4 39. h4 h6 40. h5 Kh7 41. Kh3 Rxf3+ 42. Kg4 Rb3 43. Kxf4 Kg7 44. f3 Rb5 45. Kg4 Rg5+ 46. Kh4 Rb5 47. f4 Kf6 48. Kg4 Kg7 49. f5 Kf6 50. Rh8 Rb4+ 51. Kg3 Rb3+ 52. Kf2 Rxb7 53. Rxh6+ Kg5 54. Rh8 f6 55. h6 Kxf5 56. h7 Kg6 57. Rg8+ Kxh7 58. Re8 Kg7 59. Kf3 Kg6 60. Re3 Rb4 61. Re4 Rb3+ 62. Re3 Rb4 63. Re4 Rxe4 64. Kxe4 Kg5 65. Kf3 Kf5 66. Ke3 Ke5 67. Kf2 Kf4 68. Kg2 Kg4 69. Kf1 Kf3 70. Ke1 Ke3 71. Kf1 f5 72. Ke1 f4 73. Kf1 Kf3 74. Ke1 Kg2 75. Ke2 f3+ 0-1

[Event "Titled Tuesday intern op 31st Aug"]
[Site "Chess.com INT"]
[Date "2021.08.31"]
[Round "4"]
[White "Munoz Valeriano, Nelson Gerardo"]
[Black "Schrik, Rachid"]
[Result "0-1"]
[WhiteElo "1720"]
[BlackElo "2198"]
[PlyCount "80"]
[EventDate "2021.08.31"]
[EventType "swiss (blitz)"]
[EventRounds "11"]
[EventCountry "USA"]
[SourceTitle "EXT 2022"]
[Source "ChessBase"]
[SourceDate "2021.10.06"]
[SourceVersion "1"]
[SourceVersionDate "2021.10.06"]
[SourceQuality "1"]

1. d4 Nf6 2. c4 e6 3. Nc3 Bb4 4. Qc2 d5 5. Bg5 dxc4 6. e3 b5 7. Nf3 Bb7 8. Be2 Nbd7 9. 0-0 a6 10. a4 c6 11. axb5 cxb5 12. b3 cxb3 13. Qxb3 Bxc3 14. Qxc3 0-0 15. Qb2 h6 16. Bh4 Qb6 17. Rfc1 Rfc8 18. Qb4 Nd5 19. Qb2 N7f6 20. Ne5 b4 21. Bg3 Nc3 22. Bd3 Be4 23. Bf1 a5 24. f3 Bh7 25. Be1 Nfd5 26. Nd7 Qd6 27. Nc5 Nxe3 28. Bf2 Nxf1 29. Rxf1 Nd5 30. Bg3 Qb6 31. Rfe1 Bf5 32. Nd7 Qb5 33. Nc5 a4 34. Bd6 a3 35. Qb3 Rc6 36. Rec1 Rac8 37. Be5 f6 38. Bg3 Rxc5 39. dxc5 Rxc5 40. Rxc5 Qxc5+ 0-1

[Event "Titled Tuesday intern op 02nd Feb"]
[Site "Chess.com INT"]
[Date "2021.02.02"]
[Round "4"]
[White "Deviprasath, Sharvesh"]
[Black "Munoz Valeriano, Nelson Gerardo"]
[Result "1-0"]
[WhiteElo "1929"]
[BlackElo "1704"]
[PlyCount "93"]
[EventDate "2021.02.02"]
[EventType "swiss (blitz)"]
[EventRounds "11"]
[EventCountry "USA"]
[SourceTitle "CBM 200 Extra"]
[Source "ChessBase"]
[SourceDate "2021.03.31"]
[SourceVersion "1"]
[SourceVersionDate "2021.03.31"]
[SourceQuality "1"]

1. Nf3 d6 2. c4 Nf6 3. Nc3 e5 4. d3 Nbd7 5. g3 Be7 6. Bg2 0-0 7. 0-0 c6 8. b4 Qc7 9. Rb1 b6 10. a4 Bb7 11. b5 c5 12. Bg5 h6 13. Bxf6 Nxf6 14. Ne1 Bxg2 15. Kxg2 Rad8 16. e4 Nh7 17. Nc2 Ng5 18. h4 Ne6 19. Ne3 Nd4 20. Ncd5 Qd7 21. f4 f6 22. f5 Rfe8 23. g4 Bf8 24. Kh3 Qf7 25. Rg1 Ra8 26. Rg3 Reb8 27. Qd2 Be7 28. Rbg1 Bd8 29. Nf1 a6 30. Nh2 axb5 31. axb5 Ra3 32. Nf3 Rba8 33. Nxd4 cxd4 34. R3g2 Qa7 35. g5 hxg5 36. hxg5 fxg5 37. Qe2 Qf7 38. Rh1 Rb3 39. Kg4 g6 40. Rgh2 gxf5+ 41. exf5 Qg7 42. f6 Qd7+ 43. Kxg5 Qg7+ 44. Kf5 Qd7+ 45. Ke4 Kf7 46. Rh7+ Ke6 47. Qg4# 1-0

[Event "Titled Tuesday intern op 02nd Feb"]
[Site "Chess.com INT"]
[Date "2021.02.02"]
[Round "3"]
[White "Munoz Valeriano, Nelson Gerardo"]
[Black "Vivas Zamora, Fabian Ernesto"]
[Result "0-1"]
[WhiteElo "1704"]
[BlackElo "2344"]
[PlyCount "52"]
[EventDate "2021.02.02"]
[EventType "swiss (blitz)"]
[EventRounds "11"]
[EventCountry "USA"]
[SourceTitle "CBM 200 Extra"]
[Source "ChessBase"]
[SourceDate "2021.03.31"]
[SourceVersion "1"]
[SourceVersionDate "2021.03.31"]
[SourceQuality "1"]

1. d4 Nf6 2. c4 c5 3. d5 b5 4. e3 Bb7 5. Nc3 b4 6. Nb1 e6 7. dxe6 fxe6 8. Nf3 Be7 9. b3 0-0 10. Bb2 Qe8 11. Be2 Nc6 12. 0-0 Rd8 13. a4 Qg6 14. Nbd2 d5 15. Qb1 Qh6 16. Ne5 Bd6 17. Ndf3 Nxe5 18. Bxe5 Ng4 19. Bxd6 Rxd6 20. h3 Nf6 21. cxd5 exd5 22. Qc1 Ne4 23. Rd1 Rg6 24. Kf1 Bc8 25. Rxd5 Bxh3 26. Ke1 Bxg2 0-1

[Event "Titled Tuesday intern op 27th Oct"]
[Site "Chess.com INT"]
[Date "2020.10.27"]
[Round "7"]
[White "Munoz Valeriano, Nelson Gerardo"]
[Black "Khachatryan, Anna"]
[Result "0-1"]
[WhiteElo "1775"]
[BlackElo "2071"]
[PlyCount "112"]
[EventDate "2020.10.27"]
[EventType "swiss (blitz)"]
[EventRounds "11"]
[EventCountry "USA"]
[SourceTitle "CBM 199 Extra"]
[Source "ChessBase"]
[SourceDate "2021.01.31"]
[SourceVersion "1"]
[SourceVersionDate "2021.01.31"]
[SourceQuality "1"]

1. d4 Nf6 2. c4 c5 3. d5 b5 4. cxb5 a6 5. bxa6 g6 6. Nc3 Bg7 7. Nf3 0-0 8. e4 Qa5 9. Bd2 Bxa6 10. Be2 Bxe2 11. Qxe2 Qa6 12. Qxa6 Nxa6 13. a3 Rfb8 14. Rb1 d6 15. 0-0 Rb3 16. Rfe1 Rab8 17. Na4 Nd7 18. Bc3 Nc7 19. Bxg7 Kxg7 20. Nd2 R3b7 21. f4 Nb5 22. Nc4 Nd4 23. e5 Ra7 24. Nc3 Nb6 25. Nxb6 Rxb6 26. exd6 exd6 27. Ne4 Rab7 28. h3 f5 29. Ng5 Rxb2 30. Rxb2 Rxb2 31. Re7+ Kg8 32. Rd7 h6 33. Ne6 Nxe6 34. dxe6 Rd2 35. a4 Kf8 36. a5 Ra2 37. Ra7 c4 38. a6 c3 39. Rc7 Rxa6 40. Rxc3 Ke7 41. Re3 d5 42. Re5 d4 43. Rd5 Rd6 44. Rxd6 Kxd6 45. Kf2 Kxe6 46. Ke2 Kd6 47. Kd3 Kd5 48. g3 h5 49. h4 Kc5 50. Kc2 Kc4 51. Kd2 d3 52. Kd1 Kc3 53. g4 hxg4 54. Ke1 g3 55. Kd1 g2 56. Ke1 g1Q# 0-1